000 00758nam a22002297a 4500
999 _c135845
_d135845
005 20181218115118.0
010 _aB-167525
020 _c350.00
_a8120326431
035 _aB-167525, B-167526
037 _bCen Lib/Ret
082 _a621.3192
_bKUR
100 _aKuriakose, C. P
245 _aCircuit theory :
_cby C. P Kuriakose
_bcontinuous and discrete-time systems, elements of network synthesis /
260 _aNew Delhi
_bPrentice Hall of India
_c2005
270 _bNew Delhi
_aM-97, Connaught Circus
_e110001
300 _axviii,507p. :
_c23cm(pbk)
_bill.
500 _aIncludes index
650 _aElectric circuit analysis.
650 _aElectric network analysis.
942 _2ddc
_cEN
_h621.3192
_mKUR